ARRUPE JESUIT UNIVERSITY

CORONAVIRUS -STOP THE SPREAD - CLEAN,DISINFECT,COVER

Opticks; (Record no. 122669)

MARC details
000 -LEADER
fixed length control field 01038cam a22002531 4500
001 - CONTROL NUMBER
control field 748302
003 - CONTROL NUMBER IDENTIFIER
control field ARRUPE
005 - DATE AND TIME OF LATEST TRANSACTION
control field 20150521130241.0
008 - FIXED-LENGTH DATA ELEMENTS--GENERAL INFORMATION
fixed length control field 721213s1952 nyuach b 000 0 eng
010 ## - LIBRARY OF CONGRESS CONTROL NUMBER
LC control number 52012165
040 ## - CATALOGING SOURCE
Original cataloging agency DLC
Transcribing agency DLC
Modifying agency DLC
050 00 - LIBRARY OF CONGRESS CALL NUMBER
Classification number QC353
Item number .N57 1952
082 00 - DEWEY DECIMAL CLASSIFICATION NUMBER
Classification number 535
300 ## - PHYSICAL DESCRIPTION
Other physical details illus., ports., facsims.
Dimensions 19 cm.
100 1# - MAIN ENTRY--PERSONAL NAME
Personal name Newton, Isaac,
Dates associated with a name 1642-1727.
9 (RLIN) 17200
245 00 - TITLE STATEMENT
Title Opticks;
Remainder of title or, A treatise of the reflections, refractions, inflections & colours of light. Based on the 4th ed., London, 1730;
Statement of responsibility, etc with a foreword by Albert Einstein, an introd. by Sir Edmund Whittaker, a pref. by I. Bernard Cohen, and an analytical table of contents prepared by Duane H. D. Roller.
260 ## - PUBLICATION, DISTRIBUTION, ETC. (IMPRINT)
Place of publication, distribution, etc New York,
Name of publisher, distributor, etc Dover Publications
Date of publication, distribution, etc [1952]
300 ## - PHYSICAL DESCRIPTION
Extent cxv, 406 p.
504 ## - BIBLIOGRAPHY, ETC. NOTE
Bibliography, etc Bibliography: p. l-lviii.
650 #0 - SUBJECT ADDED ENTRY--TOPICAL TERM
Topical term or geographic name as entry element Optics
General subdivision Early works to 1800.
9 (RLIN) 17201
700 ## - ADDED ENTRY--PERSONAL NAME
Personal name Cohen, Bernard
Relator term ed.
9 (RLIN) 17907
700 ## - ADDED ENTRY--PERSONAL NAME
Personal name Whittaker, Edmund
Relator term ed.
9 (RLIN) 17908
906 ## - LOCAL DATA ELEMENT F, LDF (RLIN)
a 7
b cbc
c orignew
d u
e ocip
f 19
g y-gencatlg
942 ## - ADDED ENTRY ELEMENTS (KOHA)
Source of classification or shelving scheme Library of Congress Classification
Koha item type Monograph ( Printed materials)
Holdings
Withdrawn status Lost status Source of classification or shelving scheme Damaged status Not for loan Collection code Home library Current library Shelving location Date acquired Total Checkouts Full call number Barcode Date last seen Price effective from Koha item type
    Library of Congress Classification     Main Collection ARRUPE LIBRARY ARRUPE LIBRARY Main Collection 16/04/2015   QC353 .N556 1952 46500002427 02/07/2019 16/04/2015 Monograph ( Printed materials)

 

Arrupe Library. PO Box MP320 Mt Pleasant, Harare, Zimbabwe
263 242 745411|librarian@aju.ac.zw